00434 2200181 4500001002100000005001500021035002000036008003900056035002000095245003900115100001300154250000600167260003100173084001400204082000800218650001400226990001200240INLIS00000000000158120250418012301 a0010-0125000079250418 | | |  a0010-01250000791 aFisika Edisi 5 Jilid 1 /cGiancoli aGiancoli a1 aJakarta :bErlangga,c1999 a530 GIA f a530 4aNon Fiksi a0714205